00244nam a2200109Ia 4500008004100000041001200041082001100053100001700064245004100081260000600122650000600128221030s9999 xx 000 0 und d aEnglish a105.23 aV. B. Bhatia 0aClassical Mechanicscby V. B. Bhatia c0 aB